期刊信息 |
| 索取号 |
Q4/BFLF
|
| 题名 |
巴甫洛夫高级神经活动杂志译丛
|
| 作者 |
巴甫洛夫高级神经活动杂志译丛编委会
|
| 分册号 |
|
| 分册名 |
|
| 出版地 |
北京
|
| 出版者 |
人民卫生出版社
|
| 标准刊号 |
|
| 出版频率 |
季刊
|
| 中图法分类 |
Q4
|
| 主题词 |
生理学
|
| 电子资源 | |
| |
|
| 000 | 00715nas0 2200193 45 | |
| 001 | 0733238062 | |
| 005 | 20070414164458.00 | |
| 100 | @a20070414d km y0chiy0120 ea | |
| 101 | 0 | @achi |
| 102 | @aCN@b110000 | |
| 200 | 1 | @a巴甫洛夫高级神经活动杂志译丛@ABa Fu Luo Fu Gao Ji Shen Jing Huo Dong Za Zhi Yi Cong@f巴甫洛夫高级神经活动杂志译丛编委会@FBa Fu Luo Fu Gao Ji Shen Jing Huo Dong Za Zhi Yi Cong Bian Wei Hui |
| 210 | @a北京@c人民卫生出版社 | |
| 300 | @a原名《高级神经活动学说译丛》 | |
| 326 | @a季刊 | |
| 606 | 0 | @a生理学 |
| 690 | @aQ4@v4 | |
| 711 | 02 | @a巴甫洛夫高级神经活动杂志译丛编委会@ABa Fu Luo Fu Gao Ji Shen Jing Huo Dong Za Zhi Yi Cong Bian Wei Hui |
| 801 | 0 | @aCN@bPFT@c20070414 |
| 905 | @aTJWY@dQ4@eBFLF | |
| 巴甫洛夫高级神经活动杂志译丛/巴甫洛夫高级神经活动杂志译丛编委会.-北京:人民卫生出版社 |
| 原名《高级神经活动学说译丛》 |
| ● |
| 相关链接: |
|
|
|
|